Рациональное проектирование вязкоупругих шинирующих и протезирующих стоматологических конструкций: автореферат диссертации на соискание ученой степени кандидата технических наук; спец. 01.02.06

Bibliographic Details
Main Author: Корнева О. С. Ольга Сергеевна
Corporate Authors: Новокузнецкий филиал-институт, Кемеровский государственный университет (КемГУ)
Other Authors: Казаков С. П. Сергей Павлович (научный руководитель)
Summary:Заглавие с титульного экрана
Электронная версия печатной публикации
Language:Russian
Published: Томск, 2010
Subjects:
Online Access:http://www.lib.tpu.ru/fulltext/a/2010/59.pdf
Format: MixedMaterials Electronic Book
KOHA link:https://koha.lib.tpu.ru/cgi-bin/koha/opac-detail.pl?biblionumber=187303

MARC

LEADER 00000nlm0a2200000 4500
001 187303
005 20250917125238.0
035 |a (RuTPU)RU\TPU\book\203233 
090 |a 187303 
100 |a 20101113d2010 k y0rusy50 ca 
101 0 |a rus 
102 |a RU 
105 |a a dm 001zy 
135 |a drbn ---uucaa 
181 0 |a i  
182 0 |a b 
200 1 |a Рациональное проектирование вязкоупругих шинирующих и протезирующих стоматологических конструкций  |e автореферат диссертации на соискание ученой степени кандидата технических наук  |e спец. 01.02.06  |f О. С. Корнева  |g Новокузнецкий филиал-институт ; Кемеровский государственный университет (КемГУ) ; науч. рук. С. П. Казаков 
203 |a Текст  |c электронный 
210 |a Томск  |d 2010 
215 |a 1 файл (494 Kb) 
300 |a Заглавие с титульного экрана 
300 |a Электронная версия печатной публикации 
337 |a Adobe Reader 
452 1 |0 (RuTPU)RU\TPU\book\206367  |t Рациональное проектирование вязкоупругих шинирующих и протезирующих стоматологических конструкций  |o автореферат диссертации на соискание ученой степени кандидата технических наук  |o спец. 01.02.06  |f О. С. Корнева  |g Кемеровский государственный университет (КемГУ) ; Новокузнецкий филиал-институт ; науч. рук. С. П. Казаков  |c Томск  |d 2010  |p 16 с.  |a Корнева, Ольга Сергеевна 
606 1 |a Стоматология  |2 stltpush  |3 (RuTPU)RU\TPU\subj\70297  |9 84650 
610 1 |a авторефераты диссертаций 
610 1 |a электронный ресурс 
610 1 |a стоматологические конструкции 
610 1 |a геометрические параметры 
610 1 |a вязкоупругие параметры 
610 1 |a зубочелюстная система 
610 1 |a зубные ряды 
610 1 |a элементы 
610 1 |a перемещения 
610 1 |a математические модели 
610 1 |a статические импульсные нагрузки 
610 1 |a динамические импульсные нагрузки 
610 1 |a воздействие 
610 1 |a естественные элементы 
610 1 |a искусственные элементы 
610 1 |a максимальные перемещения 
610 1 |a исследования 
610 1 |a применение 
675 |a 616.3(04)  |v 3 
686 |a 01.02.06  |2 oksvnk 
700 1 |a Корнева  |b О. С.  |c физик  |c инженер Томского политехнического университета  |f 1988-  |g Ольга Сергеевна  |3 (RuTPU)RU\TPU\pers\36773  |9 19812 
702 1 |a Казаков  |b С. П.  |c математик  |c профессор Новокузнецкого филиала Томского политехнического университета  |f 1948-  |g Сергей Павлович  |3 (RuTPU)RU\TPU\pers\32742  |4 727  |9 16627 
712 0 2 |a Новокузнецкий филиал-институт  |3 (RuTPU)RU\TPU\col\9121  |9 24649 
712 0 2 |a Кемеровский государственный университет (КемГУ)  |3 (RuTPU)RU\TPU\col\402 
801 2 |a RU  |b 63413507  |c 20191212  |g RCR 
856 4 |u http://www.lib.tpu.ru/fulltext/a/2010/59.pdf 
942 |c CF